Ganadería en Colombia cinco siglos construyendo país (Registro nro. 69689)

Detalles MARC
000 -ENCABEZADO
Número de control [NR] 00894nam a22002297a 4500
008 - DE LONGITUD FIJA DE DATOS DE ELEMENTOS - INFORMACIÓN GENERAL
Elementos de longitud fija [NR] 130821s2008 ck a gr spa
020 ## - NUMERO INTERNACIONAL NORMALIZADO PARA LIBROS [R]
Número Internacional Normalizado del libro [NR] 9789589856796
040 ## - FUENTE DE CATALOGACION [NR]
Agencia de catalogación original [NR] Co-BoUCM
Idioma de catalogación [NR] spa
041 00 - CODIGO DE IDIOMA [R]
Código de idioma para texto/pista de sonido o título separado [R] Español
100 1# - ASIENTO PRINCIPAL--NOMBRE PERSONAL [NR]
Nombre personal [NR] Sourdis Nájera, Adelaida
ID Autoridad 117638
245 10 - MENCION DE TITULO [NR]
Título [NR] Ganadería en Colombia cinco siglos construyendo país
Mención de responsabilidad, etc. [NR] Adelaida Sourdis Nájera
260 ## - PUBLICACION, DISTRIBUCION, ETC. (PIE DE IMPRENTA) [R]
Lugar de publicación, distribución, etc. [R] Bogotá (Colombia)
Nombre del editor, distribuidor, etc. [R] Fedegan
Fecha de publicación, distribución, etc. [R] 2008
300 ## - DESCRIPCION FISICA [R]
Extensión [R] 381 páginas
Otros detalles físicos [NR] ilustraciones, cuadros, tablas
650 04 - ASIENTO SECUNDARIO DE MATERIA - TERMINO TEMATICO [R]
Término temático o nombre geográfico como elemento de entrada [NR] Agricultura
9 (RLIN) 8719
650 04 - ASIENTO SECUNDARIO DE MATERIA - TERMINO TEMATICO [R]
Término temático o nombre geográfico como elemento de entrada [NR] Ganadería
Subdivisión de forma [R] Aspectos sociales
Subdivisión general [R] Historia
Subdivisión geográfica [R] Colombia
9 (RLIN) 16246
650 04 - ASIENTO SECUNDARIO DE MATERIA - TERMINO TEMATICO [R]
Término temático o nombre geográfico como elemento de entrada [NR] Ganadería
Subdivisión general [R] Aspectos económicos
-- Historia
Subdivisión geográfica [R] Colombia
9 (RLIN) 16246
650 04 - ASIENTO SECUNDARIO DE MATERIA - TERMINO TEMATICO [R]
Término temático o nombre geográfico como elemento de entrada [NR] Ganadería
Subdivisión general [R] Historia
Subdivisión geográfica [R] Colombia
9 (RLIN) 16246
650 04 - ASIENTO SECUNDARIO DE MATERIA - TERMINO TEMATICO [R]
Término temático o nombre geográfico como elemento de entrada [NR] Violencia
Subdivisión geográfica [R] Colombia
9 (RLIN) 26294
710 2# - ASIENTO SECUNDARIO - NOMBRE CORPORATIVO [R]
Nombre corporativo o de jurisdicción como elemento de entrada [NR] Federación Nacional del Ganado. Fedegan
9 (RLIN) 167461
942 ## - ELEMENTOS DE ENTRADA AGREGADOS (KOHA)
Tipo de ítem principal el descrito en 300a Libro
Tema principal Economía
Edición 1
Parte restante de la signatura top. S724g
Sistema de clasificación DEWEY
Clasificación 338.1762
Existencias
Fecha de último préstamo Total préstamos Total Renewals Signatura topográfica Código de barras Última vez visto Ejemplar Price effective from Tipo de ítem Perdido Sistema de clasificación Dañado No prestable Tipo de ítem específico Suprimido Ubicación habitual Ubicación actual Localización Fecha de creación Forma de adquisición Costo
26/11/2018 13 5 338.1762 S724g 100109636 04/12/2025 Ej.1 03/02/2013 Libro   DEWEY     Libro   Claustro Claustro Mezanine 28/02/2013 Donación 26000.00